000 00993nam0a22002771 4500
001 v19\rc\1818481
005 20250619132430.0
035 _a(NLR Aleph) 004916835
090 _a5535802
_c5535802
100 _a20071224e19071907|||y0rusy50 ca
101 0 _arus
102 _aRU
105 _ay z |||||
200 1 _aНа именинах
_e(Разговор на соврем. темы)
210 _aПочаев
_cтип. Почаево-Успен. лавры
_d1907
215 _a12 с.
300 _aВ конце текста: С.Б.
311 _aИз "Волын. епарх. вед." 1907, № 19-20. Ч. офиц.
488 0 _12001#$aВолынские епархиальные ведомости$v1907, № 19-20, ч. офиц.
_tВолынские епархиальные ведомости
702 0 _aС.Б.
_4220
801 0 _aRU
_bNLR
_gpsbo
801 0 _aRU
_bRuMoRGB
_2psbo
801 1 _aRU
_bProSoft-M
_2rusmarc
852 _aNLR
_j34.84.5.1124
942 _cBOOK
980 _aNB